Fr. Conceicao Rodrigues College of Engineering

Distributed system architecture (Record no. 29621)

MARC details
000 -LEADER
fixed length control field 00316nam a2200145Ia 4500
082 ## - DEWEY DECIMAL CLASSIFICATION NUMBER
Classification number 5.43
Item number PUD
100 ## - MAIN ENTRY--PERSONAL NAME
Personal name Puder/Arno/ Romer/Kay
245 ## - TITLE STATEMENT
Title Distributed system architecture
260 ## - PUBLICATION, DISTRIBUTION, ETC.
Name of publisher, distributor, etc. Morgan Kaufman
Date of publication, distribution, etc. 2006
366 ## - TRADE AVAILABILITY INFORMATION
Publishers's discount category 25
300 ## - PHYSICAL DESCRIPTION
Extent 322
546 ## - LANGUAGE NOTE
Language note ENGLISH
-- Computers
942 ## - ADDED ENTRY ELEMENTS (KOHA)
Koha item type BOOK
Holdings
Withdrawn status Lost status Damaged status Not for loan Collection Home library Current library Date acquired Source of acquisition Cost, normal purchase price Inventory number Total Checkouts Full call number Barcode Date last seen Cost, replacement price Price effective from Koha item type
        CRC Fr. Agnel's C.Rodrigues College of Engineering Fr. Agnel's C.Rodrigues College of Engineering 17/03/2023 Allied Publishers 221.25 123 dt 15/04/2013   5.43 PUD 22603 17/03/2023 295.00   BOOK